El gato que buscaba un nombre /

¿Te ha pasado que a veces buscas algo y encuentras otra cosa? Esta es una de esas historias. Si acompañas a este gato, sabrás a dónde lo lleva su deseo.

Guardado en:
Autor Principal: Takeshita, Fumiko.
Otros Autores: Machida, Naoko; il., Martínez, Miriam; trad.
Formato: Libro
Idioma:Undetermined
Publicado: Buenos Aires : Akal, 2023.
Edición:1a ed.
Series:Infantil
Materias:
Etiquetas: Agregar Etiqueta
Sin Etiquetas, Sea el primero en etiquetar este registro!
LEADER 00896nam a22002415a 4500
001 CEM.cems024530
008 250327s2023####ag############000#0#und#d
005 20250327181928.0
245 1 0 |a El gato que buscaba un nombre /  |c Fumiko Takeshita ; ilustración Naoko Machida. 
250 |a 1a ed. 
260 |a Buenos Aires :  |b Akal,  |c 2023. 
300 |a 32 p. 
490 1 |a Infantil 
500 |a Traducción de Miriam Martínez. 
520 |a ¿Te ha pasado que a veces buscas algo y encuentras otra cosa? Esta es una de esas historias. Si acompañas a este gato, sabrás a dónde lo lleva su deseo. 
020 |a 9789878367668 
100 1 |a Takeshita, Fumiko. 
700 1 |a Machida, Naoko; il. 
700 1 |a Martínez, Miriam; trad. 
653 |a Literatura japonesa 
653 |a Literatura infantil 
653 |a Cuento japonés 
859 |a CEMS  |b BIB. CEMS - Inicial y Primaria  |h 863.6  |i T139  |k IP  |p 6764  |t Ej.1